| 000 | 00000nam##2200000za#4500 |
| 001 | 9.675086 |
| 003 | CaOODSP |
| 005 | 20210624225106 |
| 007 | cr ||||||||||| |
| 008 | 150407|2008||||xxc|||||o f|0| 0 fre|d |
| 040 | |aCaOODSP|bfre |
| 041 | |aeng |
| 041 | |afre |
| 043 | |an-cn--- |
| 086 | 1 |aNH15-445/2008-PDF |
| 110 | 1 |aCanada.|bSociété canadienne d'hypothèques et de logement. |bCentre canadien de documentation sur l'habitation. |
| 245 | 13|aLe logement pour les personnes âgées : |h[ressource électronique]|bune bibliographie sélective, 2000-2008 |
| 260 | |aOttawa - Ontario : |bSociété canadienne d'hypothèques et de logement. |c2008. |
| 300 | |a36p. |
| 546 | |a(Bilingue) |
| 590 | |a11-05-Supp|b2011-03-15 |
| 791 | |tSeniors' housing : |eeng|w(CaOODSP)9.675085 |
| 856 | 40|ahttp://publications.gc.ca|qPDF|s437 Ko|uhttps://publications.gc.ca/collections/collection_2011/schl-cmhc/NH15-445-2008.pdf |